000 02221cam a22004814i 4500
003 PE-LiUPU
005 20250731172940.0
008 150623s r 000 0 d
020 _a0385046952
035 _a(Sirsi) i9780385046954
040 _aPE-LiUPU
_bspa
_cPE-LiUPU
_erda
049 _aPRUA
082 0 4 _a220.7
_bAB1965
_221
100 1 _aMyers, Jacob M.,
_eautor.
245 1 0 _aEzra, Nehemiah.
_n14 /
_cJacob M. Myers.
264 1 _aNew York :
_bDoubleday,
_c1965.
300 _a268 páginas ;
_c24 centímetros
336 _atext
_2rdacontent
337 _aunmediated
_2rdamedia
338 _avolume
_2rdacarrier
490 0 _aThe Anchor Bible ;
_v14
504 _aIncluye bibliografía.
505 0 _aCyrus releases the Jews. - The return Jerusalem. - Renewal of religious institutions. - Work on the temple suspended because of samaritam opposition. - Persian officials investigate the rebulding of the templeDarius I permits the completion of the temple. - Ezra and his mission. - Repentance of the Jews. - Nehemiah Distressed by news of the conditions in Jerusalem.- Nehemiah's secret inspection of Jerusalem angers the officials. - Samaritan opposition and harassment necessitate protective measures. - Plots against Nehemiah. - Completion of the wall. - Population records. - Distribution of the Jews in and outside Jerusalem. - Postexilic clerical genealogies. - Dedication of the wall. - Temple provisions. Expulsion of foreigner.
526 _aSEG42
526 _aSEG41
526 _aSEG40
526 _aSEG39
526 _aP94
526 _aP87
526 _aP86
526 _aP85
526 _aP77
526 _aP76
526 _aP35
630 _aBiblia.
_pA.T.
_pEsdras
_xComentarios.
630 _aBiblia.
_pA.T.
_pNehemías
_xComentarios.
942 _2ddc
_cBOOK
949 _a220.7 AB 14 1965
_wDEWEY
_c1
_i44552
_lCCODEBUL1
_mBUL
_r0
_sY
_tBOOK
_u2015-6-24
_xTEOLOGIA
_PP35
_0COMPRA
_o.STAFF. Colección General
994 _aC0
_bPEPRU
596 _a1
999 _a220.7 AB 14 1965
_wDEWEY
_c21437
_i44552
_f2021-11-9
_g5
_lCCODEBUL1
_mBUL
_r0
_sY
_tBOOK
_u2015-6-24
_xTEOLOGIA
_PP35
_0COMPRA
_o.STAFF. Colección General
_d21437
980 _81
_gALBERTO SANCHEZ Responsable de Automatización